Conservation, characterization, evaluation and utilization of the 1981 IRRDB wild germplasm collection in India (Record no. 49939)

MARC details
000 -LEADER
fixed length control field 00882nam a2200325Ia 4500
100 ## - MAIN ENTRY--AUTHOR NAME
Personal name Mydin K K
245 #0 - TITLE STATEMENT
Title Conservation, characterization, evaluation and utilization of the 1981 IRRDB wild germplasm collection in India
260 ## - PUBLICATION, DISTRIBUTION, ETC. (IMPRINT)
Name of publisher International Workshop on Rubber Tree Breeding, IRRDB, Brazil, 4-7 April 2011
650 ## - SUBJECT ADDED ENTRY--TOPICAL TERM
Topical Term Characterization
650 ## - SUBJECT ADDED ENTRY--TOPICAL TERM
Topical Term Conservation
650 ## - SUBJECT ADDED ENTRY--TOPICAL TERM
Topical Term Evaluation
650 ## - SUBJECT ADDED ENTRY--TOPICAL TERM
Topical Term India
650 ## - SUBJECT ADDED ENTRY--TOPICAL TERM
Topical Term IRRDB
650 ## - SUBJECT ADDED ENTRY--TOPICAL TERM
Topical Term Molecular markers
650 ## - SUBJECT ADDED ENTRY--TOPICAL TERM
Topical Term W x A crosses
650 ## - SUBJECT ADDED ENTRY--TOPICAL TERM
Topical Term Wild germplasm
700 ## - ADDED ENTRY--PERSONAL NAME
Personal name Das G
700 ## - ADDED ENTRY--PERSONAL NAME
Personal name Das K
700 ## - ADDED ENTRY--PERSONAL NAME
Personal name Jacob J
700 ## - ADDED ENTRY--PERSONAL NAME
Personal name Joseph A
700 ## - ADDED ENTRY--PERSONAL NAME
Personal name Mercy M A
700 ## - ADDED ENTRY--PERSONAL NAME
Personal name Mondal G C
700 ## - ADDED ENTRY--PERSONAL NAME
Personal name Nair D B
700 ## - ADDED ENTRY--PERSONAL NAME
Personal name Reghu C P
700 ## - ADDED ENTRY--PERSONAL NAME
Personal name Saha T
700 ## - ADDED ENTRY--PERSONAL NAME
Personal name Sankariammal L
700 ## - ADDED ENTRY--PERSONAL NAME
Personal name Sreelatha S
942 ## - ADDED ENTRY ELEMENTS (KOHA)
Koha item type Bibliography STAF
Holdings
Withdrawn status Lost status Damaged status Not for loan Home library Current library Shelving location Date acquired Koha item type
      Bibliography RRII Library RRII Library Germaplsm 02/08/2011 Bibliography STAF